Proyecto de alfabetización: muévete por Panamá /

El presente artículo sintetiza el proyecto educativo desarrollado por el gobierno de Panamá, desde inicios del 2007, producto de los datos evidenciados en el censo del año 2000, el cual se orienta a lograr la alfabetización transformadora útil, escolarizante e impregnada de valores. Se expresa como...

Cijeli opis

Spremljeno u:
Bibliografski detalji
Glavni autor: Caballero González, Julián
Format: Tekst
Teme:
Oznake: Dodaj oznaku
Bez oznaka, Budi prvi tko označuje ovaj zapis!

MARC

LEADER 00000 a a2200000 04500
001 41230
003
040
100 |a Caballero González, Julián  
245 |a Proyecto de alfabetización:   |b muévete por Panamá /  |c Julián Caballero González  
520 |a El presente artículo sintetiza el proyecto educativo desarrollado por el gobierno de Panamá, desde inicios del 2007, producto de los datos evidenciados en el censo del año 2000, el cual se orienta a lograr la alfabetización transformadora útil, escolarizante e impregnada de valores. Se expresa como dicho proyecto: "Muévete por Panamá", es desarrollado en un Complejo Penitenciario llamados La Joya y La Joyita.  
590 |a SJB/JUNIO2011  
650 |a 1.ANALFABETISMO  
650 |a 2.ALFABETIZACION  
650 |a 3.EDUCACION BASICA  
650 |a 4.PANAMA  
773 |g número487 ( , 2009), páginas 78-88 : tablas  
999 |c 32870  |d 32870